000 00468nam a2200193Ia 4500
005 20240823005444.0
008 240823s9999||||xx |||||||||||||| ||und||
041 _aENGLISH
082 _A620.11 N7
100 _aSrivastava C M
245 0 _aScience of Engineering Materials
250 _a2nd
260 _c1997
_b"New Age,New Delhi"
500 _aYES
650 _aEngineering Science
_bMechanical
700 _a Srinivasan C
942 _cBK
999 _c155767
_d155767